[Event "Tournoi Skype 029B"]
[Site "Skype"]
[Date "????.??.??"]
[Round "3.13"]
[White "Barrera Mendoza, Carlos"]
[Black "Franca, Diego"]
[Result "1-0"]
[WhiteElo "1000"]
[BlackElo "1234"]
[PlyCount "61"]

1. e4 c6 2. d4 d5 3. e5 c5 4. c3 Nc6 5. Nf3 Bg4 6. Be2 e6 7. O-O cxd4 8. cxd4
Nge7 9. Bg5 Qb6 10. Bc1 Nf5 11. h3 Bxf3 12. Bxf3 Nfxd4 13. Re1 Nxf3+ 14. Qxf3
Bc5 15. Be3 Bxe3 16. Qxe3 Qxb2 17. Nd2 Nxe5 18. Reb1 d4 19. Qxe5 Qxd2 20. Qb5+
Ke7 21. Qxb7+ Kf6 22. Qf3+ Kg6 23. Rb7 Rhf8 24. h4 h6 25. Qe4+ Kf6 26. Re1
Qxe1+ 27. Qxe1 d3 28. Qc3+ e5 29. Qxd3 Rfd8 30. Qf3+ Kg6 31. Qxf7+ 1-0

[Event "Tournoi Skype 029B"]
[Site "Skype"]
[Date "????.??.??"]
[Round "3.14"]
[White "Fernandez Arrizabala, Raul"]
[Black "Tembhurnekar, Ritu"]
[Result "1-0"]
[WhiteElo "1000"]
[BlackElo "1219"]
[PlyCount "69"]

1. e4 e5 2. Nf3 Nc6 3. Bb5 Nf6 4. O-O d6 5. d4 a6 6. Bxc6+ bxc6 7. dxe5 Nxe4 8.
Re1 d5 9. Nd4 Bd7 10. f3 Ng5 11. Bxg5 Qxg5 12. e6 fxe6 13. Nxe6 Bxe6 14. Rxe6+
Be7 15. Qe2 Rf8 16. Nd2 Kf7 17. Re1 Rfe8 18. Qe5 Qxe5 19. R1xe5 Bf6 20. Rxe8
Rxe8 21. Rxe8 Kxe8 22. b3 Ke7 23. Kf2 Be5 24. g3 h5 25. f4 Bd4+ 26. Kf3 Ke6 27.
g4 hxg4+ 28. Kxg4 Kf6 29. Nf3 c5 30. Nxd4 cxd4 31. h4 g6 32. b4 c6 33. a3 d3
34. cxd3 d4 35. a4 1-0

[Event "Tournoi Skype 029B"]
[Site "Skype"]
[Date "????.??.??"]
[Round "3.15"]
[White "Lovisi, Francesco"]
[Black "Khatanhar, Mohit"]
[Result "1-0"]
[WhiteElo "1000"]
[BlackElo "1218"]
[PlyCount "51"]

1. e4 e5 2. Nf3 Nc6 3. Bc4 Bc5 4. b4 Bxb4 5. c3 Bc5 6. d4 exd4 7. O-O dxc3 8.
Bxf7+ Kxf7 9. Qd5+ Kf8 10. Qxc5+ d6 11. Qxc3 h6 12. Bb2 Rh7 13. Nbd2 Nf6 14. h3
Be6 15. Ba3 Kf7 16. Rfd1 Qe8 17. e5 dxe5 18. Nxe5+ Nxe5 19. Qxe5 c6 20. Nf3 Rd8
21. Qc7+ Bd7 22. Re1 Qg8 23. Ne5+ Ke8 24. Nxd7+ Kf7 25. Ne5+ Ke8 26. Qe7# 1-0

[Event "Tournoi Skype 029B"]
[Site "Skype"]
[Date "????.??.??"]
[Round "3.16"]
[White "Felippe E Silva, Glenda"]
[Black "Strydom, Brett"]
[Result "1-0"]
[WhiteElo "1207"]
[BlackElo "1000"]
[PlyCount "61"]

1. d4 d5 2. Nf3 Bg4 3. Nbd2 Nd7 4. h3 Bh5 5. e3 h6 6. Be2 Bg6 7. Bd3 Bxd3 8.
cxd3 e6 9. O-O Qf6 10. b3 O-O-O 11. Bb2 Bd6 12. a4 Kb8 13. Ba3 c5 14. dxc5 Nxc5
15. d4 Nd3 16. Bxd6+ Rxd6 17. Rc1 Nxc1 18. Qxc1 Rc6 19. Qa3 Ne7 20. b4 Rc2 21.
b5 Nc8 22. Qb4 b6 23. Ne5 Kb7 24. a5 Ra2 25. a6+ Ka8 26. Rc1 Ne7 27. Nd7 Qh4
28. Rc7 Ra1+ 29. Nf1 Re8 30. Rb7 Nc8 31. Rb8# 1-0

[Event "Tournoi Skype 029B"]
[Site "Skype"]
[Date "????.??.??"]
[Round "3.17"]
[White "Prieto, Jairo Ovidio"]
[Black "Franco, Yolima"]
[Result "0-1"]
[WhiteElo "1000"]
[BlackElo "1517"]
[PlyCount "68"]

1. d4 d5 2. Nf3 c5 3. dxc5 e6 4. b4 Nc6 5. c3 a5 6. Bd2 axb4 7. cxb4 Nf6 8. e3
Ne4 9. Bb5 Be7 10. Nc3 Bf6 11. Qc2 O-O 12. Rd1 Nxb4 13. Qb3 Nxc3 14. Bxc3 Bxc3+
15. Qxc3 Nxa2 16. Qb3 Qa5+ 17. Nd2 Nc3 18. Rc1 Nxb5 19. Ke2 Qa6 20. Kf3 Bd7 21.
Rhd1 Nc7 22. Qc3 Rfe8 23. Ra1 Qc6 24. e4 dxe4+ 25. Nxe4 Rxa1 26. Rxa1 e5 27.
Rd1 Bf5 28. Re1 Bxe4+ 29. Rxe4 Qf6+ 30. Ke2 Nd5 31. Qd2 Nf4+ 32. Kf1 Qg5 33. g3
Qf5 34. Qe3 Qh3+ 0-1

[Event "Tournoi Skype 029B"]
[Site "Skype"]
[Date "????.??.??"]
[Round "3.18"]
[White "Crocioni, Luca"]
[Black "Raudales, Victor"]
[Result "1/2-1/2"]
[WhiteElo "1068"]
[BlackElo "1340"]
[PlyCount "63"]

1. e4 c5 2. Bc4 e6 3. e5 Nc6 4. Nf3 a6 5. a4 d5 6. exd6 Bxd6 7. d3 Nf6 8. Be3
O-O 9. Qd2 e5 10. Bg5 Qe7 11. Bxf6 Qxf6 12. Nc3 Bf5 13. Nd5 Qd8 14. h3 Re8 15.
Ne3 Bg6 16. O-O e4 17. Nh2 exd3 18. cxd3 Bf4 19. Rfe1 Nb4 20. Rad1 Bh5 21. Nhg4
b5 22. axb5 a5 23. Qc3 Bxg4 24. Nxg4 Rxe1+ 25. Rxe1 a4 26. g3 Bg5 27. Ne5 Nd5
28. Qc2 Bf6 29. Nc6 Qd7 30. Kg2 Nb4 31. Nxb4 cxb4 32. Rd1 1/2-1/2

[Event "Tournoi Skype 029B"]
[Site "Skype"]
[Date "????.??.??"]
[Round "3.19"]
[White "Hargez, Dany"]
[Black "Diaz Yara, Jose Mauricio"]
[Result "1-0"]
[WhiteElo "1296"]
[BlackElo "1000"]
[PlyCount "61"]

1. e4 e5 2. Nf3 Nc6 3. Bc4 Bc5 4. d3 Nh6 5. O-O O-O 6. Bxh6 gxh6 7. h3 Qf6 8.
Nh2 d6 9. Nd2 Nd4 10. c3 Qg5 11. cxd4 Bxh3 12. Qf3 Qxg2+ 13. Qxg2+ Bxg2 14.
Kxg2 Bxd4 15. Kh1 Kg7 16. Ndf3 Bb6 17. Ng4 h5 18. Ngh2 f5 19. Be6 fxe4 20. dxe4
Rf6 21. Bf5 d5 22. Rg1+ Kh6 23. Raf1 dxe4 24. Bxe4 Re8 25. Rg2 Rf4 26. Bxb7 e4
27. Ng5 e3 28. Bf3 exf2 29. Nh3 Re1 30. Nxf4 Rxf1+ 31. Nxf1 1-0

[Event "Tournoi Skype 029B"]
[Site "Skype"]
[Date "????.??.??"]
[Round "3.20"]
[White "Ponz Lazaro, Ruperto"]
[Black "Graham, Neil"]
[Result "0-1"]
[WhiteElo "1285"]
[BlackElo "1000"]
[PlyCount "96"]

1. d4 Nf6 2. Nf3 d5 3. Bf4 e6 4. e3 Bd6 5. Bg3 Nc6 6. c3 Qe7 7. Ne5 Bxe5 8.
dxe5 Nd7 9. f4 f6 10. Bh4 Qc5 11. Bf2 fxe5 12. e4 Qd6 13. exd5 exd5 14. fxe5
Ndxe5 15. Qc2 Bd7 16. Nd2 O-O-O 17. O-O-O Qh6 18. Kb1 Qg5 19. Nf3 Nxf3 20. gxf3
Bf5 21. Bd3 Bxd3 22. Qxd3 g6 23. Bg3 Rd7 24. Rhg1 Qf6 25. Rge1 Rhd8 26. Qe3 d4
27. cxd4 Rxd4 28. Rxd4 Nxd4 29. Qf4 Qxf4 30. Bxf4 Nxf3 31. Re7 Rd1+ 32. Kc2 Rf1
33. Rf7 Nd4+ 34. Kd2 Ne6 35. Ke3 Rxf4 36. Rxf4 Nxf4 37. Kxf4 Kd7 38. Kg5 Ke6
39. Kh6 Kf5 40. Kxh7 a6 41. Kh6 b6 42. h4 c5 43. h5 gxh5 44. Kxh5 c4 45. Kh4
Kf4 46. Kh3 Ke3 47. Kg2 Kd2 48. Kf1 Kc2 0-1

[Event "Tournoi Skype 029B"]
[Site "Skype"]
[Date "????.??.??"]
[Round "3.21"]
[White "Quiel, Aristoteles"]
[Black "Hernandez Monzon, Alejandro"]
[Result "1-0"]
[WhiteElo "1066"]
[BlackElo "1239"]
[PlyCount "43"]

1. Nf3 d5 2. d4 c5 3. c4 e6 4. Nc3 Nf6 5. Bg5 Be7 6. e3 h6 7. Bf4 Nc6 8. a3
cxd4 9. exd4 O-O 10. Qc2 Bd6 11. Ne5 Nxe5 12. dxe5 Bc7 13. O-O-O Qe7 14. g3 Ne8
15. cxd5 Bd7 16. d6 Nxd6 17. exd6 Bxd6 18. Bxd6 Qg5+ 19. f4 Qf6 20. Bxf8 Kxf8
21. Rxd7 e5 22. Bc4 1-0

[Event "Tournoi Skype 029B"]
[Site "Skype"]
[Date "????.??.??"]
[Round "3.22"]
[White "Garganese, Paolo"]
[Black "Sosa, Aldo"]
[Result "1/2-1/2"]
[WhiteElo "1199"]
[BlackElo "1000"]
[PlyCount "60"]

1. e4 e5 2. Nf3 Nc6 3. Bc4 Nf6 4. d3 d5 5. exd5 Nxd5 6. Qe2 Bd6 7. O-O Nf6 8.
c3 O-O 9. Bg5 h6 10. Bh4 Re8 11. Nbd2 Bg4 12. h3 Bh5 13. Rfe1 a6 14. a4 Na5 15.
Ba2 b5 16. axb5 axb5 17. Qf1 Nc6 18. Bd5 Rxa1 19. Rxa1 Qd7 20. Bg3 Bg6 21. Re1
b4 22. Ne4 Nxe4 23. dxe4 bxc3 24. bxc3 Nb8 25. Nh4 Bh7 26. Nf5 Bxf5 27. exf5
Qxf5 28. Qb5 c6 29. Bxc6 Nxc6 30. Qxc6 Qe6 1/2-1/2

[Event "Tournoi Skype 029B"]
[Site "Skype"]
[Date "????.??.??"]
[Round "3.23"]
[White "Lachin, Roberto"]
[Black "Rosenkoetter, David"]
[Result "0-1"]
[WhiteElo "1000"]
[BlackElo "1165"]
[PlyCount "96"]

1. e4 c6 2. Nf3 d5 3. exd5 cxd5 4. d4 Nf6 5. Nc3 Nc6 6. Ne5 Nxe5 7. dxe5 Ng4 8.
Bb5+ Bd7 9. Bxd7+ Qxd7 10. Nxd5 Nxe5 11. O-O e6 12. Nf4 Bd6 13. Nd3 Qc7 14. Bf4
Nxd3 15. Bxd6 Qxd6 16. cxd3 O-O 17. Rc1 Rfc8 18. Rc3 Rxc3 19. bxc3 Qa6 20. a4
b5 21. axb5 Qxb5 22. c4 Qa6 23. h3 Rd8 24. Qb3 Qd6 25. Rd1 a5 26. Qb5 Ra8 27.
c5 Qe5 28. d4 Qd5 29. Ra1 Qxd4 30. Rxa5 Qd1+ 31. Kh2 Qd8 32. Rxa8 Qxa8 33. c6
Qd8 34. c7 Qxc7+ 35. g3 Qe7 36. Qb8+ Qf8 37. Qc7 g6 38. h4 h5 39. Qe5 Qd8 40.
Kg2 Qd5+ 41. Qxd5 exd5 42. Kf3 f5 43. Ke3 Kf7 44. Kd4 Ke6 45. f4 Kd6 46. Ke3
Kc5 47. Kd3 d4 48. g4 hxg4 0-1

[Event "Tournoi Skype 029B"]
[Site "Skype"]
[Date "????.??.??"]
[Round "3.25"]
[White "Lima Santana, Claudia"]
[Black "Jimenez Del Rosario, Alsis Raynely"]
[Result "1/2-1/2"]
[WhiteElo "1000"]
[BlackElo "1082"]
[PlyCount "48"]

1. e4 e5 2. Nf3 Nc6 3. d4 exd4 4. c3 dxc3 5. Nxc3 Bb4 6. Bb5 Nge7 7. O-O O-O 8.
a3 Bxc3 9. bxc3 a6 10. Bc4 b5 11. Bd3 d5 12. Re1 dxe4 13. Rxe4 Bf5 14. Re3 Bxd3
15. Rxd3 Qc8 16. Rd7 Rd8 17. Rxd8+ Qxd8 18. Bg5 Qxd1+ 19. Rxd1 f6 20. Bf4 Rc8
21. Rd7 Rd8 22. Rxd8+ Nxd8 23. Bxc7 Ne6 24. Bd6 Nd5 1/2-1/2

[Event "Tournoi Skype 029B"]
[Site "Skype"]
[Date "????.??.??"]
[Round "3.26"]
[White "Dib, Catherine"]
[Black "San Isidoro, Josep"]
[Result "0-1"]
[WhiteElo "1052"]
[BlackElo "1405"]
[PlyCount "84"]

1. Nf3 Nf6 2. g3 d5 3. Bg2 e6 4. O-O Be7 5. d3 O-O 6. Nbd2 c5 7. b3 Nbd7 8. Bb2
b6 9. c4 Bb7 10. e4 dxe4 11. dxe4 Qc7 12. Qc2 Bd6 13. Rfe1 e5 14. a4 a6 15. Nh4
g6 16. f4 exf4 17. Nhf3 Ne5 18. Rad1 fxg3 19. hxg3 Nxf3+ 20. Nxf3 Bxg3 21. Re2
Nd7 22. Qc3 f6 23. e5 Nxe5 24. Nxe5 Bxe5 25. Rxe5 fxe5 26. Rd5 Bxd5 27. Bxd5+
Kg7 28. Qg3 Rae8 29. Bc1 Kh8 30. Qg5 Rf5 31. Qh6 Ref8 32. Be4 Rf1+ 33. Kg2 Qg7
34. Qg5 Qf6 35. Qh6 Qf2+ 36. Kh3 Qf6 37. Bg5 Qg7 38. Qh4 R1f4 39. Bxf4 Rxf4 40.
Qe1 Qh6+ 41. Kg3 Qh4+ 42. Kg2 Qxe1 0-1

[Event "Tournoi Skype 029B"]
[Site "Skype"]
[Date "????.??.??"]
[Round "3.27"]
[White "Yanez, Leticia Jorgelina"]
[Black "Luna Perez Vico, Lorenzo"]
[Result "0-1"]
[WhiteElo "1051"]
[BlackElo "1386"]
[PlyCount "77"]

1. e4 c5 2. Nf3 e6 3. Be2 Nc6 4. O-O Qc7 5. d4 cxd4 6. c3 Nf6 7. Qd3 Ne5 8.
Qxd4 Nxf3+ 9. Bxf3 Bc5 10. Qd3 e5 11. b4 Be7 12. Be3 d6 13. a4 Bd7 14. b5 b6
15. c4 Bg4 16. Bxg4 Nxg4 17. Qd5 O-O 18. Qd3 Rac8 19. Nd2 Nxe3 20. fxe3 Bg5 21.
Rf3 Rcd8 22. Raf1 h6 23. R1f2 Rd7 24. g4 Bh4 25. Rg2 Bg5 26. Nf1 Rc8 27. h4
Bxh4 28. Ng3 Bxg3 29. Rgxg3 Qxc4 30. Qd1 Qxe4 31. Qf1 Qd5 32. g5 hxg5 33. Rxg5
Qe6 34. Rxg7+ Kxg7 35. Qg2+ Kf8 36. Qg5 Qe7 37. Qh6+ Ke8 38. Qh8+ Qf8 39. Qf6
0-1

[Event "Tournoi Skype 029B"]
[Site "Skype"]
[Date "????.??.??"]
[Round "3.30"]
[White "Duthoit, Bernard"]
[Black "Santamaria Garcia, Jesus"]
[Result "1/2-1/2"]
[WhiteElo "1338"]
[BlackElo "1041"]
[PlyCount "63"]

1. e4 e5 2. Nf3 Nc6 3. Bc4 h6 4. Nc3 Nf6 5. O-O d6 6. d3 Na5 7. Bb3 Nxb3 8.
axb3 Bd7 9. Be3 a6 10. Nd2 Ng4 11. Re1 Nxe3 12. Rxe3 Be7 13. Rg3 O-O 14. Nf3
Bh4 15. Nxh4 Qxh4 16. Nd5 Rac8 17. Qd2 Kh8 18. Rf1 Be6 19. Ne3 Qf4 20. Qe2 f5
21. exf5 Bxf5 22. Nxf5 Qxf5 23. Rf3 Qe6 24. Qe4 Rxf3 25. Qxf3 c6 26. Qe3 c5 27.
f4 Re8 28. fxe5 Qxe5 29. Qxe5 Rxe5 30. Kf2 Rf5+ 31. Ke2 Rxf1 32. Kxf1 1/2-1/2

[Event "Tournoi Skype 029B"]
[Site "Skype"]
[Date "????.??.??"]
[Round "3.31"]
[White "Gomez Zuluaga, Jorge Adiel"]
[Black "Ibanez, Bittor"]
[Result "0-1"]
[WhiteElo "1036"]
[BlackElo "1330"]
[PlyCount "106"]

1. e4 e5 2. d4 Nc6 3. Nf3 d6 4. dxe5 Bg4 5. Be2 Bxf3 6. gxf3 dxe5 7. Qxd8+ Nxd8
8. Nc3 Bb4 9. Bd2 Nf6 10. a3 Bxc3 11. Bxc3 Nd7 12. Bb5 c6 13. Bc4 b5 14. Ba2 f6
15. O-O-O a5 16. b4 axb4 17. Bxb4 c5 18. Bd5 Ra6 19. Be1 Rxa3 20. Rd3 Ra6 21.
Kd2 Nb6 22. Rg1 Nxd5 23. Rxd5 Ne6 24. h4 O-O 25. h5 Rd8 26. Ke3 Rxd5 27. exd5
Nf4 28. Ke4 Ra4+ 29. c4 Rxc4+ 30. Ke3 Nxd5+ 31. Kd3 Rd4+ 32. Kc2 Nb4+ 33. Kb3
Nd3 34. Bc3 c4+ 35. Kc2 Rf4 36. Rg3 b4 37. Bxb4 Nxb4+ 38. Kc3 Nd5+ 39. Kc2 c3
40. h6 g6 41. Rg1 Rxf3 42. Rd1 Rxf2+ 43. Kb1 c2+ 44. Kc1 cxd1=Q+ 45. Kxd1 g5
46. Ke1 Rf4 47. Ke2 g4 48. Kd3 g3 49. Ke2 g2 50. Kd3 g1=Q 51. Kc2 Rc4+ 52. Kd2
Qe3+ 53. Kd1 Rc1# 0-1

[Event "Tournoi Skype 029B"]
[Site "Skype"]
[Date "????.??.??"]
[Round "3.32"]
[White "Codina, Teresa"]
[Black "Rodriguez Tovar, Liliana"]
[Result "0-1"]
[WhiteElo "1310"]
[BlackElo "1036"]
[PlyCount "48"]

1. d4 d5 2. Nf3 Nf6 3. e3 e6 4. Nbd2 c5 5. c3 Nc6 6. Be2 Bd6 7. dxc5 Bxc5 8.
O-O O-O 9. b3 e5 10. Bb2 Bg4 11. h3 Bh5 12. Re1 e4 13. Nd4 Bg6 14. a4 Qb6 15.
b4 Rfc8 16. N2b3 Bxb4 17. cxb4 Nxb4 18. Qd2 Nd3 19. Bxd3 exd3 20. Rac1 h6 21.
Rc3 Rc4 22. Nc1 Rxa4 23. Nxd3 Ne4 24. Nc5 Nxd2 0-1

[Event "Tournoi Skype 029B"]
[Site "Skype"]
[Date "????.??.??"]
[Round "3.33"]
[White "Guillen Andrinal, Pablo"]
[Black "Cengiz, Ali Ekber"]
[Result "0-1"]
[WhiteElo "1024"]
[BlackElo "1299"]
[PlyCount "38"]

1. e4 e5 2. Bc4 Nc6 3. Nc3 Nf6 4. Nf3 h6 5. O-O Bc5 6. d4 exd4 7. Nb5 a6 8. Na3
Nxe4 9. Re1 d5 10. Bd3 Bf5 11. Bd2 O-O 12. Rc1 b5 13. Nb1 b4 14. c3 dxc3 15.
bxc3 Nxf2 16. Qe2 Nxd3+ 17. Be3 Nxc1 18. Rxc1 Re8 19. cxb4 Bxe3+ 0-1

[Event "Tournoi Skype 029B"]
[Site "Skype"]
[Date "????.??.??"]
[Round "3.34"]
[White "Mira Poveda, Jose Antonio"]
[Black "Bucherie, Volcy"]
[Result "0-1"]
[WhiteElo "1021"]
[BlackElo "1274"]
[PlyCount "78"]

1. e4 c6 2. Nc3 d5 3. exd5 cxd5 4. d4 Bf5 5. Nf3 Nf6 6. Bb5+ Nc6 7. O-O a6 8.
Ba4 b5 9. Bb3 e6 10. Re1 Nb4 11. Ne5 Qc7 12. Bg5 Ne4 13. Qf3 Nxg5 14. Qe2 Bd6
15. a3 O-O 16. axb4 Bxb4 17. h4 Ne4 18. Rec1 Nxc3 19. bxc3 Bxc3 20. Ra2 Bxd4
21. c4 Bxe5 22. c5 Bh2+ 23. Kf1 Qf4 24. Rd2 Qxh4 25. c6 Bf4 26. Qd1 Bxd2 27.
Qxd2 Bg4 28. f3 Bf5 29. c7 h6 30. Qc3 Qh1+ 31. Kf2 Qh4+ 32. Kg1 b4 33. Qc5 Qg3
34. Qxb4 Bh3 35. Rc2 a5 36. Qc5 a4 37. Bxa4 Rxa4 38. c8=Q Ra1+ 39. Rc1 Qxg2#
0-1

[Event "Tournoi Skype 029B"]
[Site "Skype"]
[Date "????.??.??"]
[Round "3.35"]
[White "Torres, Vicky"]
[Black "Moumtaz, Abderrahim"]
[Result "1/2-1/2"]
[WhiteElo "1020"]
[BlackElo "1260"]
[PlyCount "170"]

1. e4 e5 2. Nf3 Nf6 3. Bd3 Nc6 4. O-O Bc5 5. c4 d6 6. Nc3 Bg4 7. Be2 a6 8. h3
Be6 9. Ng5 Bd7 10. Bh5 O-O 11. d3 Qe7 12. Re1 h6 13. Nf3 Be6 14. Nh2 Qd7 15.
Bg4 Nxg4 16. Nxg4 Bxg4 17. hxg4 Qe7 18. Nd5 Qh4 19. Nxc7 Rac8 20. Nd5 Bxf2+ 21.
Kf1 Bxe1 22. Qxe1 Qxe1+ 23. Kxe1 Rfe8 24. Be3 Ne7 25. Nb6 Rb8 26. Bd2 Ng6 27.
g3 Ne7 28. Bb4 Rbd8 29. Ba5 Nc6 30. Bd2 Nd4 31. Kf2 Re6 32. g5 Rg6 33. gxh6
Rf6+ 34. Kg2 gxh6 35. Nd5 Rg6 36. Ne7+ Kg7 37. Nxg6 Kxg6 38. Rh1 Rh8 39. g4 Ne6
40. Kg3 f6 41. Bb4 Rd8 42. Bd2 Ra8 43. Rxh6+ Kg7 44. Rh4 Rh8 45. Rxh8 Kxh8 46.
Bb4 Nf4 47. Bxd6 Nxd3 48. b4 Kg7 49. a3 Nf4 50. a4 Ne2+ 51. Kh4 Nd4 52. b5 a5
53. Bc7 Ne6 54. Bxa5 Nc5 55. Bb4 Nxa4 56. c5 Nb2 57. c6 bxc6 58. bxc6 Nc4 59.
c7 Nb6 60. Be7 Kg6 61. Bd6 Nc8 62. Bf8 Kf7 63. Bc5 Ke6 64. Bf8 Kf7 65. Bh6 Ke7
66. Kh5 Kf7 67. g5 fxg5 68. Bxg5 Ke6 69. Kg6 Kd7 70. Kf5 Kd6 71. Bf6 Kxc7 72.
Bxe5+ Kd7 73. Bd4 Ne7+ 74. Kf4 Ke6 75. Ke3 Nc6 76. Kd3 Nb4+ 77. Ke3 Nc6 78. Bc3
Ne7 79. Kf4 Ng6+ 80. Ke3 Ne7 81. Bb2 Nc6 82. Bc3 Kd6 83. Kd3 Ke6 84. Bd4 Nb4+
85. Ke3 Nc6 1/2-1/2

[Event "Tournoi Skype 029B"]
[Site "Skype"]
[Date "????.??.??"]
[Round "3.36"]
[White "Kumbhar, Ashok"]
[Black "Le Bouill, Pierre"]
[Result "1-0"]
[WhiteElo "1018"]
[BlackElo "1252"]
[PlyCount "109"]

1. Nf3 Nf6 2. d4 d5 3. Bf4 h6 4. e3 c6 5. Nbd2 e6 6. a3 Bd6 7. Be5 Bxe5 8. Nxe5
O-O 9. Bd3 Nbd7 10. Ndf3 Nxe5 11. Nxe5 Nd7 12. Ng4 Re8 13. Qf3 f5 14. Ne5 Nxe5
15. dxe5 a6 16. O-O Bd7 17. Qg3 Qe7 18. f4 c5 19. c3 c4 20. Be2 Rf8 21. Rf3 Be8
22. Qh3 Bg6 23. Rg3 Qf7 24. Rf1 Rfd8 25. Qh4 Kf8 26. Rh3 Ke8 27. Rff3 Kd7 28.
Rfg3 Kc6 29. Bh5 Bxh5 30. Qxh5 Qxh5 31. Rxh5 Rg8 32. Rg6 Rae8 33. Kf2 b5 34.
Rxf5 Kd7 35. Rf7+ Re7 36. Rxe7+ Kxe7 37. Kf3 Kf7 38. Rg3 g6 39. e4 g5 40. f5
dxe4+ 41. Kxe4 exf5+ 42. Kxf5 Ke7 43. Ke4 Ke6 44. Rf3 Rg6 45. Rf8 Ke7 46. Ra8
h5 47. Kf5 Rc6 48. Ra7+ Kd8 49. e6 Rc5+ 50. Kf6 Rc6 51. Kf7 Kc8 52. e7 Kb8 53.
Rd7 Rc8 54. Rd8 Kc7 55. Rxc8+ 1-0

[Event "Tournoi Skype 029B"]
[Site "Skype"]
[Date "????.??.??"]
[Round "3.37"]
[White "Ramirez, Luis Antonio"]
[Black "Fernandez Zaldivar, Antonio"]
[Result "0-1"]
[WhiteElo "1017"]
[BlackElo "1246"]
[PlyCount "136"]

1. e4 c6 2. Nf3 d5 3. d3 dxe4 4. dxe4 Qxd1+ 5. Kxd1 Bg4 6. Be2 Nd7 7. Bf4 O-O-O
8. h3 Bh5 9. Nbd2 e6 10. e5 Nc5 11. a3 Bg6 12. Bg5 Be7 13. Be3 Ne4 14. Kc1 Nxd2
15. Nxd2 a6 16. Nc4 h6 17. b4 Bg5 18. f4 Be7 19. Rb1 Be4 20. Rg1 h5 21. Rb3 Kb8
22. Na5 Rc8 23. Nc4 Bd5 24. Rc3 h4 25. Rd1 Nh6 26. Nd6 Bxd6 27. exd6 Nf5 28.
Bc5 Rcd8 29. Bc4 Nxd6 30. Bb6 Rd7 31. Be2 Rh6 32. Be3 Rg6 33. Bg4 Bxg2 34. f5
exf5 35. Bxf5 Rf6 36. Bxd7 Kc7 37. Bg4 Bd5 38. Re1 Ne4 39. Rd3 Nf2 40. Rd2 Nxg4
41. Bd4 Rf4 42. Re7+ Kd8 43. Rxb7 Nh6 44. Bb6+ Ke8 45. Re2+ Be6 46. Rc7 Rf3 47.
Rxc6 Rxa3 48. Rd2 Ke7 49. Bd8+ Kf8 50. Rb6 Nf5 51. Rb7 g6 52. Bb6 Re3 53. Bd8
Kg7 54. Bg5 Rxh3 55. Rd8 Rg3 56. Rbb8 Rxg5 57. Rg8+ Kf6 58. Rb6 h3 59. Rh8 Rh5
60. Rd8 h2 61. Rd1 h1=Q 62. Rxh1 Rxh1+ 63. Kb2 Rh2 64. Rxa6 Nd4 65. Kc3 Nb5+
66. Kb2 Kg7 67. Ra5 Bc4 68. Rxb5 Bxb5 0-1

[Event "Tournoi Skype 029B"]
[Site "Skype"]
[Date "????.??.??"]
[Round "3.38"]
[White "Malbec, Robert"]
[Black "Moraga Vasquez, Michael"]
[Result "0-1"]
[WhiteElo "1214"]
[BlackElo "1008"]
[PlyCount "52"]

1. e4 e5 2. Nf3 Nc6 3. Bc4 Bc5 4. c3 Nf6 5. d4 exd4 6. cxd4 Bb4+ 7. Bd2 Bxd2+
8. Nbxd2 O-O 9. O-O d5 10. exd5 Nxd5 11. Nb3 Bg4 12. Re1 Nf4 13. Re4 Qd6 14.
Be2 Nh3+ 15. gxh3 Bxh3 16. Ng5 Qg6 17. Bg4 Qxg5 18. Kh1 Bxg4 19. Rxg4 Qd5+ 20.
f3 Rad8 21. Rc1 Rfe8 22. Rc5 Re1+ 23. Qxe1 Qxf3+ 24. Rg2 Nb4 25. Qxb4 Re8 26.
Qe1 Rxe1# 0-1

[Event "Tournoi Skype 029B"]
[Site "Skype"]
[Date "????.??.??"]
[Round "3.39"]
[White "Nakamura, Seiichi"]
[Black "Mishra, Vikash"]
[Result "1/2-1/2"]
[WhiteElo "1005"]
[BlackElo "1214"]
[PlyCount "95"]

1. d4 Nf6 2. Bf4 g6 3. h3 Bg7 4. Nf3 d6 5. e3 O-O 6. Bh2 Re8 7. Be2 a6 8. O-O
Nbd7 9. Nbd2 e5 10. dxe5 Nxe5 11. Nxe5 dxe5 12. c3 Nd5 13. e4 Nb6 14. Nc4 Nxc4
15. Bxc4 b5 16. Bb3 Kh8 17. Bxf7 Rf8 18. Qxd8 Rxd8 19. Rad1 Bb7 20. Bb3 Bxe4
21. Rxd8+ Rxd8 22. Re1 Bf5 23. Bxe5 c5 24. Bxg7+ Kxg7 25. Re7+ Kh6 26. g4 Bd3
27. h4 c4 28. Bd1 g5 29. Re6+ Kg7 30. hxg5 Bb1 31. Bf3 Bxa2 32. Rxa6 Bb3 33.
Be4 Rd2 34. Rh6 Bc2 35. Rxh7+ Kg8 36. Bxc2 Rxc2 37. Rb7 Rxb2 38. f4 b4 39. cxb4
c3 40. Rc7 c2 41. g6 Rb1+ 42. Kg2 c1=Q 43. Rxc1 Rxc1 44. f5 Rc4 45. Kg3 Rxb4
46. g5 Kg7 47. Kf3 Rd4 48. Kg3 1/2-1/2

[Event "Tournoi Skype 029B"]
[Site "Skype"]
[Date "????.??.??"]
[Round "3.40"]
[White "Chavez Cruz, Isidro"]
[Black "Schnell, Nicolas"]
[Result "1-0"]
[WhiteElo "1190"]
[BlackElo "1003"]
[PlyCount "35"]

1. e4 e5 2. Nf3 d5 3. Nxe5 Qf6 4. d4 Bd6 5. f4 Qh4+ 6. g3 Qf6 7. Nc3 Bb4 8. Bd2
Ne7 9. Nxd5 Qd6 10. Bxb4 c5 11. Bxc5 Qd8 12. Bxe7 Qa5+ 13. Qd2 Qc7 14. Nxc7+
Kxe7 15. Nxa8 Nd7 16. Qb4+ Ke6 17. Nc7+ Kf6 18. Qd6# 1-0

[Event "Tournoi Skype 029B"]
[Site "Skype"]
[Date "????.??.??"]
[Round "3.41"]
[White "Becker Schllosser, Josiane Cristina"]
[Black "Ruiz Gomez, Luz Alba"]
[Result "0-1"]
[WhiteElo "1000"]
[BlackElo "1190"]
[PlyCount "76"]

1. e4 e5 2. Nf3 Nc6 3. Bc4 Bc5 4. d3 Nf6 5. O-O O-O 6. a3 d6 7. h3 Bd7 8. b4
Bb6 9. Ba2 a6 10. c3 h6 11. Nbd2 Re8 12. Qc2 Be6 13. Bb1 Ne7 14. Bb2 Ng6 15. d4
Bd7 16. dxe5 dxe5 17. Nxe5 Nxe5 18. c4 Bc6 19. Bxe5 Rxe5 20. Nf3 Re8 21. e5 Nd7
22. Ba2 Nxe5 23. c5 Ba7 24. Qf5 Nxf3+ 25. gxf3 Qf6 26. Qg4 Bxf3 27. Qg3 c6 28.
Kh2 Bd5 29. Bxd5 cxd5 30. Rg1 Rad8 31. Rad1 Bb8 32. f4 Bxf4 33. Rdf1 Bxg3+ 34.
Rxg3 Qxf1 35. Rg2 Re2 36. Kg3 Rxg2+ 37. Kh4 Qf4+ 38. Kh5 Qg5# 0-1

[Event "Tournoi Skype 029B"]
[Site "Skype"]
[Date "????.??.??"]
[Round "3.42"]
[White "Martin, Jean-Claude"]
[Black "Castellanos Gonzalez, Mariano"]
[Result "0-1"]
[WhiteElo "1184"]
[BlackElo "1000"]
[PlyCount "62"]

1. d4 f5 2. c4 Nf6 3. Nc3 e6 4. Bf4 h6 5. a3 c6 6. Nf3 Be7 7. d5 g5 8. Be5 O-O
9. d6 Ne8 10. dxe7 Qxe7 11. e3 d6 12. Bxd6 Qxd6 13. Qxd6 Nxd6 14. c5 Nf7 15.
Rd1 a5 16. Bc4 Nd7 17. O-O Nxc5 18. Rfe1 b5 19. Ba2 b4 20. axb4 axb4 21. Nb1
Rxa2 22. Re2 Ne4 23. Nd4 c5 24. Nb3 Nc3 25. Nxc3 bxc3 26. Nc1 Rxb2 27. Rxb2
cxb2 28. Nd3 Rd8 29. Nxb2 Rxd1+ 30. Nxd1 Nd6 31. Nc3 Ba6 0-1

[Event "Tournoi Skype 029B"]
[Site "Skype"]
[Date "????.??.??"]
[Round "3.43"]
[White "Bellati, Fabio"]
[Black "Linares Vernet, Ana"]
[Result "0-1"]
[WhiteElo "1000"]
[BlackElo "1171"]
[PlyCount "68"]

1. e4 c5 2. c3 e6 3. Nf3 Nc6 4. d4 cxd4 5. cxd4 g6 6. Nc3 Bg7 7. Be3 d5 8. e5
f6 9. exf6 Nxf6 10. Bb5 Bd7 11. O-O Ne7 12. Bxd7+ Nxd7 13. Bf4 O-O 14. Qd2 Nc8
15. Rae1 Re8 16. Re2 Ncb6 17. Bh6 e5 18. Rfe1 e4 19. Qf4 Qf6 20. Qc7 Bxh6 21.
Nxd5 Nxd5 22. Qxd7 Qf7 23. Qb5 a6 24. Qb3 Nf6 25. Qxf7+ Kxf7 26. Ne5+ Kg8 27.
f3 exf3 28. gxf3 Bg5 29. Ng4 Rxe2 30. Rxe2 Nxg4 31. fxg4 Rd8 32. Re4 Kf7 33.
Kg2 Re8 34. Kf3 Bc1 0-1

[Event "Tournoi Skype 029B"]
[Site "Skype"]
[Date "????.??.??"]
[Round "3.44"]
[White "Elvira Sanchez, Adalberto"]
[Black "Parrales, Rodolfo"]
[Result "0-1"]
[WhiteElo "1000"]
[BlackElo "1171"]
[PlyCount "98"]

1. c4 e5 2. g3 Nf6 3. Bg2 c6 4. d4 g6 5. Nc3 Bb4 6. Bd2 exd4 7. Ne4 Bxd2+ 8.
Qxd2 Nxe4 9. Qxd4 Nf6 10. Qe5+ Qe7 11. Qxe7+ Kxe7 12. e4 Re8 13. Ne2 d6 14. O-O
Kf8 15. Nc3 Be6 16. b3 Nbd7 17. Rab1 Ne5 18. Rfd1 Bg4 19. Rxd6 Re6 20. Rxe6
Bxe6 21. f4 Nd3 22. e5 Ng4 23. Kh1 Bf5 24. Bh3 Ndf2+ 25. Kg2 Bxb1 26. Bxg4 Nxg4
27. h3 Ne3+ 28. Kf3 Bxa2 29. Nxa2 Nxc4 30. bxc4 b5 31. c5 a5 32. Nc3 b4 33. Na4
b3 34. Kg4 Rb8 35. Kg5 Kg7 36. e6 fxe6 37. Kg4 Rb4 38. Nb2 e5 39. Kf3 a4 40.
fxe5 a3 41. Nd3 Rc4 42. e6 Rc3 43. Ke3 b2 44. Kd4 Rxd3+ 45. Kxd3 b1=Q+ 46. Kc3
Kf8 47. Kd4 Qd1+ 48. Ke5 Qd5+ 49. Kf6 Qf5# 0-1